Key features and issues of the total cost management regulatory system in public construction projects in Korea (Record no. 111331)

MARC details
000 -LEADER
fixed length control field 00970cad a22002415a 4500
001 - CONTROL NUMBER
control field E151389
008 - FIXED-LENGTH DATA ELEMENTS--GENERAL INFORMATION
fixed length control field 101101s2008 xxk f 100 0 eng d
020 ## - INTERNATIONAL STANDARD BOOK NUMBER
International Standard Book Number 9781842194348
035 ## - SYSTEM CONTROL NUMBER
System control number (Sirsi) u151389
041 0# - LANGUAGE CODE
Language code of text/sound track or separate title eng
100 1# - MAIN ENTRY--PERSONAL NAME
Personal name Park, Noseong
111 2# - MAIN ENTRY--MEETING NAME
Meeting name or jurisdiction name as entry element Construction and Building Research Conference
Location of meeting Dublin Institute of Technology, Dublin
Date of meeting or treaty signing 4-5 September 2008
245 00 - TITLE STATEMENT
Title Key features and issues of the total cost management regulatory system in public construction projects in Korea
Medium [electronic resource]
260 ## - PUBLICATION, DISTRIBUTION, ETC.
Place of publication, distribution, etc. London
Name of publisher, distributor, etc. RICS
Date of publication, distribution, etc. 2008
520 ## - SUMMARY, ETC.
Summary, etc. A paper presented at the COBRA Conference 2008 in Dublin.
590 ## - LOCAL NOTE (RLIN)
Local note KA
650 24 - SUBJECT ADDED ENTRY--TOPICAL TERM
Topical term or geographic name entry element CONSTRUCTION AND BUILDING RESEARCH CONFERENCE (COBRA)
651 #4 - SUBJECT ADDED ENTRY--GEOGRAPHIC NAME
Geographic name Korea
690 ## - LOCAL SUBJECT ADDED ENTRY--TOPICAL TERM (OCLC, RLIN)
Topical term or geographic name as entry element Construction management
9 (RLIN) 6230
700 1# - ADDED ENTRY--PERSONAL NAME
Personal name Kim, Han Soo
856 40 - ELECTRONIC LOCATION AND ACCESS
Uniform Resource Identifier <a href="https://www.rics.org/site/scripts/download_info.aspx?fileID=3290&categoryID=525">https://www.rics.org/site/scripts/download_info.aspx?fileID=3290&categoryID=525</a>
Public note View the item free of charge at www.rics.org
942 ## - ADDED ENTRY ELEMENTS (KOHA)
Suppress in OPAC 0
Holdings
Withdrawn status Lost status Source of classification or shelving scheme Damaged status Not for loan Home library Current library Shelving location Date acquired Total Checkouts Full call number Barcode Date last seen Copy number Price effective from Koha item type
    Dewey Decimal Classification     Virtual Virtual Online 01/11/2010   ONLINE PUBLICATION 151389-2001 06/08/2019 1 06/08/2019 Book